Situation Economique au l er Janvier 1987

Na minha lista:
Detalhes bibliográficos
Formato: Livro
Idioma:francês
Publicado em: Antananarivo Direction Générale de la Banque des Données de ĺ État 1987
Edição:1. éd.
Tags: Adicionar Tag
Sem tags, seja o primeiro a adicionar uma tag!

MARC

LEADER 00000nam a2200000 4500
001 c024794
005 20221219132300.5
041 0 |a fre 
044 |a MG 
245 1 0 |a Situation Economique au l er Janvier 1987 
250 |a 1. éd. 
264 1 |a Antananarivo  |b Direction Générale de la Banque des Données de ĺ État  |c 1987 
300 |a 77 s.